Central Library OPAC University of Rajshahi

Elementary Wave Mechanics : (Record no. 40296)

MARC details
000 -LEADER
fixed length control field 00743nam a2200253 a 4500
001 - CONTROL NUMBER
control field 40296
003 - CONTROL NUMBER IDENTIFIER
rucl marc code BD-RjUL
005 - DATE AND TIME OF LATEST TRANSACTION
control field 20211209053203.0
008 - FIXED-LENGTH DATA ELEMENTS--GENERAL INFORMATION
fixed length control field 160427r19561945enk||||| |||| 001 0 eng d
035 ## - SYSTEM CONTROL NUMBER
System control number (BD-RjUL) 40411
040 ## - CATALOGING SOURCE
Original cataloging agency BD-RjUL
Language of cataloging eng
Transcribing agency BD-RjUL
041 ## - LANGUAGE CODE
Language code of text/sound track or separate title eng
082 ## - DEWEY DECIMAL CLASSIFICATION NUMBER
Edition number 23
Classification number 530.1
Author mark and year HEE 1956
100 ## - MAIN ENTRY--PERSONAL NAME
Personal name Heitler, W.
9 (RLIN) 124149
245 10 - TITLE STATEMENT
Title Elementary Wave Mechanics :
Remainder of title with applications to quantum chemistry /
Statement of responsibility, etc. W. Heitler
250 ## - EDITION STATEMENT
Edition statement 2nd ed.
260 ## - PUBLICATION, DISTRIBUTION, ETC. (IMPRINT)
Place of publication, distribution, etc. London :
Name of publisher, distributor, etc. Oxford University Press,
Date of publication, distribution, etc. 1956
300 ## - PHYSICAL DESCRIPTION
Pagination vii, 193p. :
Illustrations ill. ;
Size 19 cm.
500 ## - GENERAL NOTE
General note Includes index
650 ## - SUBJECT ADDED ENTRY--TOPICAL TERM
Topical term or geographic name as entry element Wave mechanics
9 (RLIN) 117120
Topical term or geographic name as entry element Golfmechanica
9 (RLIN) 124150
Topical term or geographic name as entry element Kwantummechanica
9 (RLIN) 124151
942 ## - ADDED ENTRY ELEMENTS (KOHA)
Source of classification or shelving scheme Dewey Decimal Classification
Koha item type Books
Holdings
Lost status Source of classification or shelving scheme Damaged status Not for loan Collection code Permanent Location Current Location Shelving location Date acquired Source of acquisition Total Checkouts Full call number Date last seen Copy number Koha item type
  Dewey Decimal Classification   Not For Loan Non-fiction Central Library, University of Rajshahi Central Library, University of Rajshahi Reading Room 29/11/1958 Colombo Plan   530.1 HEE 1956 27/04/2016 C-1 Books
  Dewey Decimal Classification     Non-fiction Central Library, University of Rajshahi Central Library, University of Rajshahi   18/01/1961 Colombo plan, U,K.   530.1 HEE 1956 18/09/2016 C-2 Books